000 00649nam a22002057a 4500
003 Nust
005 20241030115625.0
008 170216b xxu||||| |||| 00| 0 eng d
038 _aMr. Zahoor
040 _cNust-MCE
082 _a200
100 _aAsim Bin Waheed
_934810
245 _aIntegration of disaster risk management in school & college curricula: A case study two hazards prime district of Pakistan/
260 _aRisalpur,
_bMCE,
_c2014.
300 _a100p.
650 _athesis
_934811
700 _aSupervisor: Dr. Sarfraz Ahmed
_9126593
856 _u http://10.250.8.41:8080/xmlui/handle/123456789/45641
942 _cSC
_2ddc
999 _c232365
_d232365